A XIX. század pesszimizmusa Schopenhauer és Hartmann
Elmentve itt :
| Szerző: | |
|---|---|
| Adatforrás: | Philobibl |
| Dokumentumtípus: | Könyv |
| Nyelv: | magyar |
| Kulcsszavak: | pesszimizmus Schopenhauer Hartmann, E. |
| Megjelent: |
Bp.
Franklin Társulat
1884
|
| Sorozat: | Filozófiai Írók Tára
|
| LEADER | 00502nam a2200169 c 4500 | ||
|---|---|---|---|
| 001 | bibDOK00000005 | ||
| 005 | 20200924115630.1 | ||
| 008 | 060518s1884 hu hun | ||
| 100 | 1 | |a Alexander Bernát | |
| 245 | 1 | 2 | |a A XIX. század pesszimizmusa |b Schopenhauer és Hartmann |c Alexander Bernát |
| 260 | |a Bp. |b Franklin Társulat |c 1884 | ||
| 300 | |a 152 p. | ||
| 490 | 1 | |a Filozófiai Írók Tára |v 5. | |
| 695 | |a pesszimizmus | ||
| 695 | |a Schopenhauer | ||
| 695 | |a Hartmann, E. | ||
| 830 | 0 | |a Filozófiai Írók Tára | |